| 000 | 00000nam##2200000za#4500 |
| 001 | 9.570619 |
| 003 | CaOODSP |
| 005 | 20220623092433 |
| 007 | cr ||||||||||| |
| 008 | 150406|2000||||xxc|||||o f|0| 0 eng|d |
| 040 | |aCaOODSP|beng |
| 043 | |an-cn--- |
| 086 | 1 |aC21-23/22-2000E-PDF |
| 110 | 1 |aCanada. |bIndustry Canada. |
| 245 | 12|aA regional perspective on the Canada-U.S. standard of living comparison : |h[electronic resource]|boccasional paper number 22, February 2000 / |cby Raynald Létourneau and Martine Lajoie. |
| 260 | |aOttawa - Ontario : |bIndustry Canada |cFebruary 2000. |
| 300 | |a50p.|bcoloured maps, graphs, tables |
| 490 | 1 |aOccasional paper|vNo. 22 |
| 500 | |aThe catalogue number (C21-23/22-2000) and ISBN (0-662-64666-5) for the bilingual print edition have been incorrectly copied in this electronic publication. |
| 504 | |aBibliography. |
| 590 | |a11-09-Supp|b2011-06-30 |
| 720 | 1 |aLétourneau, Raynald |
| 720 | 1 |aLajoie, Martine |
| 775 | 08|tLa comparaison des niveaux de vie au Canada et aux États-Unis : une perspective régionale : |w(CaOODSP)9.601267 |
| 776 | 0#|tA regional perspective on the Canada-U.S. standard of living comparison / |w(CaOODSP)9.533492 |
| 776 | 0#|tLa comparaison des niveaux de vie au Canada et aux États-Unis: une perspective régionale / |w(CaOODSP)9.533493 |
| 830 | #0|aOccasional paper (Canada. Industry Canada)|vNo. 22|w(CaOODSP)9.504752 |
| 856 | 40|ahttp://publications.gc.ca|qPDF|s181 KB|uhttps://publications.gc.ca/collections/Collection/C21-23-22-2000E.pdf|yNo. 22 |